00770nam a2200229 a 4500001001000000003000500010005001700015008004100032010001100073011001100084040000900095100002600104245017000130260003700300300004300337502004600380650002800426650002800454650001500482650001700497650002600514000109904CHAP20220329144108.0140606s2013 mx |rm |0|||||spa d a106366 a107338 cCHAP1 aAdán Bautista, Omar10aProducción de plántulas de piñón tropical (Jatropha curcas L.) en tierra lama con fertilizante foliar y extractos de estiércol /cpor Omar Adán Bautista. aCocula, Gro. :bEl autor,c2013. axiii, 55 h. :bil., gráfs., cuadros. aTesis (Ing. Agr. Fitotecnista) -- CSAEGro14aEstiércol como abono.14aFertilización foliar.14aPiñón.14aPlántulas.14aProducción vegetal.